000 00676nam a2200205Ii 4500
003 JO-AjNU
008 230605s9999||||xx |||||||||||||| ||und||
017 _a1988/3/146
040 _aJO-AjNU
_bara
_erda
_cJO-AjNU
041 _aara
050 1 4 _aPJ7808.D13.A15 1988
100 3 _aتأليف أبو دلهوم، ممدوح,
_eauthor
_948584
245 0 0 _aإغتيال مدينة: قصص
264 3 1 _aعمان:المؤلف،1988
300 _a107ص
336 _atext
_btxt
_2rdacontent
337 _aunmediated
_bn
_2rdamedia
338 _avolume
_bnc
_2rdacarrier
650 4 _a القصص العربية القصيرة - الأردن - القرن العشرين
_948585
999 _aA21286
_c24854
_d24854